| 000 | 01507nam a2200301Ia 4500 | ||
|---|---|---|---|
| 999 |
_c55065 _d55065 |
||
| 001 | 22140 | ||
| 003 | GE_BSU | ||
| 005 | 20221128151929.0 | ||
| 008 | 181216s ||||ge |||||||||||||| ||geo|| | ||
| 020 | _a9789941246593 | ||
| 040 | _cGE_BSU | ||
| 041 | _ageo | ||
| 080 | _a338.2:005.511 ფ-86 | ||
| 100 |
_aფრაიდი, ჯეისონ _916159 |
||
| 245 |
_aბიზნესი ცრურწმენების გარეშე / _cჯეისონ ფრაიდი, დევიდ ჰაინემაიერ ჰანსონი ; რედაქტორი თამარ ჟურული ; დიზაინერი თეკლა გიაშვილი. |
||
| 264 |
_aთბილისი : _bპალიტრა L, _c2017. |
||
| 300 |
_a288 გვ. ; _c22 სმ. |
||
| 490 |
_aლურჯი ოკეანე New York times-ის _vN 1 ბესტსელერი |
||
| 541 | _h10ლ.50თ. | ||
| 653 | _aბიზნესი ცრურწმენების გარეშე | ||
| 653 | _aბიზნესი | ||
| 653 | _aბიზნესის დაგეგმვა | ||
| 653 | _aმენეჯმენტი | ||
| 700 |
_aჰაინემაიერ ჰანსონი, დევიდ _eავტორი _916160 |
||
| 700 |
_aჟურული, თამარ _eრედაქტორი _916161 |
||
| 700 |
_aგიაშვილი, თეკლა _eდიზაინერი _912269 |
||
| 942 |
_cBK _2udc |
||